000 00849nam a22002537a 4500
001 125364
003 UA-OsUOA
005 20220411152929.0
007 ta
008 20170914b un ||||| |||| 00| 0 ukr d
020 _a9667112381
040 _aUA-OsUOA
_bukr
_cUA-OsUOA
_dUA-OsUOA
041 _aukr
080 _a82.09(477.87)
090 _a82.09(477.87)
_bЗ-18
245 _aЗакарпатці – лауреати Національної премії України ім. Т. Г. Шевченка
_cупоряд. О. Д. Скунць
260 _aУжгород
_bГражда
_c2003
300 _a148 с.
650 7 _a82 Література. Літературознавство
_2UDC
700 1 _aСкунць О. Д.
_eупоряд.
942 _cBK
_2udc
955 _a1
999 _c412611
_d412611